Del socialismo utópico al socialismo científico

Guardado en:
Bibliografiske detaljer
Hovedforfatter: Engels, Federico
Format: Bog
Sprog:Undetermined
Udgivet: Moscú, Rusia Progreso 1978
Fag:
Tags: Tilføj Tag
Ingen Tags, Vær først til at tagge denne postø!

MARC

LEADER 00000nam a2200000Ia 4500
008 170316s9999 xx 000 0 und d
090 |a 100 E-13de 
100 |a Engels, Federico 
245 |a Del socialismo utópico al socialismo científico 
260 |a Moscú, Rusia 
260 |b Progreso 
260 |c 1978 
300 |a 80 páginas 
650 |a FILOSOFÍA 
999 |c 16094  |d 16094 
040 |a cru BVZT 
942 |c 15 D  |h 100 E-13de  |2 z